000 00311nam a2200097Ia 4500
008 180130s9999 xx 000 0 und d
245 _cKarp, R.J.
_aHealth
260 _c2014
300 _aBook title: Blackwell handbook of infant development--Acession number C19029; pages 716-740
650 _aINFANTS--DEVELOPMENT
999 _c354045
_d354045